Missing Word: 'A' Things Quiz Stats

 Plays Quiz Updated Nov 7, 2012

Support Sporcle.
Go Orange.
Score 0/20 Timer 03:00
2 Plays Today
Hint Answer % Correct
10 Things I Hate _____ YouAbout
99.6%
Sweet Home _____Alabama
97.7%
Are You _____ of the Dark?Afraid
96.1%
_____ & DemonsAngels
94.9%
Raiders of the Lost _____Ark
93.3%
_____ DevelopmentArrested
88.3%
Cast _____Away
88.3%
Up in the _____Air
87.2%
_____ American RejectsAll
86.8%
_____ Adventures in WonderlandAlice's
86.2%
Hint Answer % Correct
Rage _____ the MachineAgainst
85.1%
The _____ of TintinAdventures
83.7%
Time _____ TimeAfter
83.1%
_____ of Green GablesAnne
82.9%
Downton _____Abbey
78.1%
Harry Potter and the Prisoner of _____Azkaban
76.7%
The _____ RaceAmazing
76.2%
_____ to JimAccording
72.5%
_____ FranklinAretha
66.4%
Flowers for _____Algernon
43.2%

Today's Daily Dose

You're not logged in!

Compare scores with friends on all Sporcle quizzes.
OR
Log In

From the Vault

Every Olympic Bid Since 1896

by Edelweiss

Bishkek has never put in a bid for an Olympic games? They need to get on that, for Sporcle's sake.
Remove Ads.
Support Sporcle.
Get the best of Sporcle when you Go Orange. This ad-free experience offers more features, more stats, and more fun while also helping to support Sporcle. Thank you for becoming a member.

Show Comments

Extras

Top Quizzes Today


Score Distribution

Your Account Isn't Verified!

In order to create a playlist on Sporcle, you need to verify the email address you used during registration. Go to your Sporcle Settings to finish the process.

Report this User

Report this user for behavior that violates our Community Guidelines.

Details: